Activo Legal

Detalles Bibliográficos
Formato: eBook
Lenguaje:español
Publicado: [s.l.] : Activo Legal, 2014 -
Materias:
Acceso en línea:Acceso restringido

MARC

LEADER 00000nam a22000007a 4500
005 20140715170429.0
007 cr|||| ||||
008 140715c20149999co |||| s|||| 0|||b1spa d
035 |a 12288 
040 |a vLex 
090 |c 5071  |d 5071 
245 0 0 |a Activo Legal  |h [Recurso electrn̤ico] 
256 |a Servicio en ln̕ea 
260 |a [s.l.] :  |b Activo Legal,  |c 2014 - 
300 |a 1 recurso electrn̤ico 
310 |a Mensual 
362 |a Nm︢. 1 (2014) - 
506 0 4 |a Contenido disponible ne los productos indicados  |d vLex Global  |d vLex Global (Academic Edition, excluding Law Schools)  |d vLex Global (U.S. Academic Edition, Law Schools)  |d vLex Global (U.S. Academic Edition, excluding Law Schools)  |d vLex Global (Academic Edition, Law Schools) 
650 |a Derecho  |z Colombia 
740 0 |a vLex Revistas (Servicio en ln̕ea) 
856 4 0 |u http://vlex.com/source/activo-legal-12288  |z Acceso restringido 
942 |c REV 
999 0 |a Law